Statistics for Iconic NASCAR Sponsors

Click here to take the quiz!

General Stats

  • This quiz has been taken 306 times
  • The average score is 24 of 37

Answer Stats

SponsorDriver% Correct
Lowe's #48Jimmie Johnson
91%
Goodwrench #3Dale Earnhardt Sr.
90%
STP #43Richard Petty
90%
NOS #18Kyle Busch
88%
Dupont #24Jeff Gordon
87%
Budweiser #8Dale Earnhardt Jr.
84%
GoDaddy #10Danica Patrick
83%
Home Depot #20Tony Stewart
83%
DeWalt Tools #17Matt Kenseth
81%
Miller Lite #2Rusty Wallace
81%
Valvoline #6Mark Martin
79%
UPS #88Dale Jarrett
74%
Mountain Dew #11Darrell Waltrip
73%
McDonald's #94Bill Elliott
72%
Interstate Batteries #18Bobby Labonte
72%
Kellogg's Corn Flakes #5Terry Labonte
72%
ALLTEL #12Ryan Newman
70%
Target #42Kyle Larson
68%
Coors Light #40Sterling Marlin
68%
Mello Yello #42Kyle Petty
67%
Havoline #28Davey Allison
65%
Hooters #7Alan Kulwicki
62%
Red Bull #83Brian Vickers
62%
Exide Batteries #99Jeff Burton
60%
Tide #10Ricky Rudd
59%
Miller High Life #12Bobby Allison
53%
SKOAL Bandit #33Harry Gant
53%
M&M's #36Ken Schrader
49%
Purolator #21David Pearson
48%
Hardee's #28Cale Yarborough
44%
Levi Garrett #5Geoffrey Bodine
44%
SPAM #9Lake Speed
44%
John Deere #97Chad Little
42%
Folgers #25Tim Richmond
41%
Zaxby's #05John Wes Townley
31%
Timberwolf #37David Green
21%
Mopar #1 TruckTed Musgrave
15%

Score Distribution

Percentile by Number Answered

Percent of People with Each Score

Your Score History

You have not taken this quiz